| 000 | 01393nam0a2200337 4500 | ||
|---|---|---|---|
| 001 | RU\NLR\BIBL_A\022297969 | ||
| 005 | 20260420013327.0 | ||
| 010 |
_a978-5-6050698-2-9 _9300 |
||
| 021 |
_aRU _bКН-П-24-036994 _9КН-П-24-3706 |
||
| 035 | _a(NLR Aleph) 022297969 | ||
| 090 |
_a13662669 _c13662669 |
||
| 100 | _a20240813d2023 u y0rusy50 ca | ||
| 101 | 0 | _arus | |
| 102 | _aRU | ||
| 105 | _aac z 000gy | ||
| 181 | 0 |
_ai3 _baxxe |
|
| 182 | 0 | _an | |
| 200 | 1 |
_aТрое и мышиный король, или Праздник для души _eстихотворная сказка _fЕвгений Мартышев _gхудожник-иллюстратор: Л. П. Лазарева |
|
| 203 |
_aТекст _bвизуальный _cнепосредственный |
||
| 210 |
_aНовосибирск _cНовосибирское библиотечное общество _cНовосибирский издательский дом _d2023 |
||
| 215 |
_a146 с. _cил., портр. _d20 |
||
| 225 | 1 | _aБиблиотека сибирской литературы | |
| 333 | _a12+ | ||
| 517 | 1 | _aПраздник для души | |
| 686 | 2 | _aШ6(2=Р)8-51 | |
| 700 | 1 |
_aМартышев _bЕ. Ф. _gЕвгений Фёдорович |
|
| 942 | _cBOOK | ||
| 980 | _aNB | ||